| 000 -LEADER |
| fixed length control field |
00864nam a2200217Ia 4500 |
| 001 - CONTROL NUMBER |
| control field |
11098 |
| 003 - CONTROL NUMBER IDENTIFIER |
| control field |
GE_BSU |
| 008 - FIXED-LENGTH DATA ELEMENTS--GENERAL INFORMATION |
| fixed length control field |
181216s||||||||xx |||||||||||||| ||und|| |
| 040 ## - CATALOGING SOURCE |
| Transcribing agency |
GE_BSU |
| 080 ## - UNIVERSAL DECIMAL CLASSIFICATION NUMBER |
| Universal Decimal Classification number |
631(031) |
| 245 ## - TITLE STATEMENT |
| Title |
Энциклопедический словарь юного земпедельца. |
| 245 ## - TITLE STATEMENT |
| Remainder of title |
Для среднего и старшего школьного возраста. |
| 245 ## - TITLE STATEMENT |
| Statement of responsibility, etc. |
Сост.Джахангиров А.Д, Кузмишев.В.Л; Ред.коллегия Иванович К.А.(гл.ред.) Арзутаниян Е.А, Васильев Ю.В. и др. |
| 260 ## - PUBLICATION, DISTRIBUTION, ETC. |
| Place of publication, distribution, etc. |
Москва. |
| 260 ## - PUBLICATION, DISTRIBUTION, ETC. |
| Name of publisher, distributor, etc. |
Педагогика. |
| 260 ## - PUBLICATION, DISTRIBUTION, ETC. |
| Date of publication, distribution, etc. |
1983. |
| 300 ## - PHYSICAL DESCRIPTION |
| Extent |
367стр,27см. |
| 300 ## - PHYSICAL DESCRIPTION |
| Accompanying material |
с,илл. |
| 653 ## - INDEX TERM--UNCONTROLLED |
| Uncontrolled term |
Энциклопедический словарь юного земпедельца. |
| 942 ## - ADDED ENTRY ELEMENTS (KOHA) |
| Koha item type |
წიგნი |